[Event "World Youth Girl U18 2016"]
[Site "Khanty-Mansiysk RUS"]
[Date "2016.09.22"]
[Round "1.26"]
[White "Hwang, Chyi"]
[Black "Santeramo, Alessia"]
[Result "0-1"]
[BlackTitle "WFM"]
[WhiteElo "1356"]
[BlackElo "2001"]
[WhiteFideId "16300920"]
[BlackFideId "850810"]
[EventDate "2016.09.22"]

1. e4 e5 2. Nf3 Nc6 3. d4 exd4 4. Bc4 Nf6 5. e5 Ne4 6. O-O d5 7. Bb5 Bg4 8. Qd3
Bxf3 9. Qxf3 Be7 10. Nd2 Ng5 11. Qd3 O-O 12. Bxc6 bxc6 13. Qxd4 f6 14. Nb3 fxe5
15. Qxe5 Nf7 16. Qc3 Qd6 17. Be3 Bf6 18. Bd4 Ng5 19. Bxf6 Rxf6 20. Qc5 Qf4 21.
Qd4 Nf3+ 22. gxf3 Rg6+ 23. Kh1 Qxf3# 0-1

[Event "World Youth Girl U18 2016"]
[Site "Khanty-Mansiysk RUS"]
[Date "2016.09.23"]
[Round "2.1"]
[White "Tsolakidou, Stavroula"]
[Black "Drogovoz, Irina"]
[Result "1-0"]
[WhiteTitle "WGM"]
[BlackTitle "WIM"]
[WhiteElo "2355"]
[BlackElo "2144"]
[WhiteFideId "4264312"]
[BlackFideId "4176715"]
[EventDate "2016.09.22"]

1. d4 Nf6 2. c4 g6 3. Nf3 Bg7 4. e3 O-O 5. Be2 d5 6. cxd5 Nxd5 7. e4 Nb6 8. O-O
Bg4 9. Nbd2 e5 10. dxe5 Nc6 11. h3 Be6 12. Nb3 Qxd1 13. Rxd1 Bxb3 14. axb3 Nxe5
15. Nxe5 Bxe5 16. Ra5 Rfe8 17. f4 Bg7 18. Bf3 c6 19. Kf2 Kf8 20. Ra2 Kg8 21. Be3
Bf8 22. h4 Be7 23. h5 Red8 24. Raa1 Rxd1 25. Bxd1 Bd8 26. Bg4 gxh5 27. Bxh5 Bc7
28. Bg4 a6 29. Bf5 Kg7 30. Rh1 h6 31. Bd4+ f6 32. g4 Rd8 33. Bxf6+ Kxf6 34.
Rxh6+ Ke7 35. Rh7+ Kd6 36. e5+ Kc5 37. Rxc7 Rd2+ 38. Kg3 Rxb2 39. Be6 a5 40.
Rxb7 Nd5 41. Bxd5 Kxd5 42. Kh4 Ke4 43. e6 Kf3 44. f5 Kf4 45. Kh5 1-0

[Event "World Youth Girl U18 2016"]
[Site "Khanty-Mansiysk RUS"]
[Date "2016.09.23"]
[Round "2.2"]
[White "Fuentes Godoy, Lilia Ivonne"]
[Black "Obolentseva, Alexandra"]
[Result "0-1"]
[WhiteTitle "WIM"]
[BlackTitle "WFM"]
[WhiteElo "2142"]
[BlackElo "2331"]
[WhiteFideId "5104130"]
[BlackFideId "24153648"]
[EventDate "2016.09.22"]

1. d4 Nf6 2. c4 g6 3. Nc3 Bg7 4. e4 O-O 5. Be2 d6 6. Bg5 c5 7. d5 h6 8. Be3 e6
9. Nf3 exd5 10. cxd5 a6 11. a4 Nbd7 12. O-O Ng4 13. Bf4 Nge5 14. Nd2 g5 15. Bg3
Qe7 16. f4 gxf4 17. Bxf4 Ng6 18. Bg3 Nde5 19. Qc2 Qg5 20. Nc4 Nxc4 21. Bxc4 Be5
22. Ne2 f5 23. Bxe5 Nxe5 24. Ra3 f4 25. Kh1 Bg4 26. Ng1 Nxc4 27. Qxc4 b5 28. Qc2
b4 29. Rd3 Rae8 30. h3 Bh5 31. Re1 Qg6 32. Rb3 Re5 33. Nf3 Re7 34. Nh4 Qf6 35.
Qf2 a5 36. g4 Bg6 37. Nf5 Bxf5 38. gxf5 Qe5 39. Qh4 Rxf5 40. Qxh6 Rg5 41. Rf3
Rh7 42. Qxg5+ Qxg5 43. Rg1 Qxg1+ 44. Kxg1 Rh4 45. Kg2 Kf7 46. Rf2 Kf6 47. Kf3
Ke5 48. Rh2 c4 49. Rh1 Rh8 50. h4 Rg8 51. h5 Rg3+ 52. Kf2 Kxe4 53. h6 Rg8 54. h7
Rh8 55. Rh3 Kxd5 56. Kf3 Kd4 57. Rh6 d5 58. Kxf4 c3 59. bxc3+ bxc3 60. Rh2 Kc4
61. Ke5 d4 62. Rh3 c2 63. Rh6 Re8+ 64. Kf5 Kb4 65. Rc6 d3 0-1

[Event "World Youth Girl U18 2016"]
[Site "Khanty-Mansiysk RUS"]
[Date "2016.09.23"]
[Round "2.3"]
[White "Assaubayeva, Bibisara"]
[Black "Vidic, Teja"]
[Result "1/2-1/2"]
[WhiteTitle "WFM"]
[BlackTitle "WFM"]
[WhiteElo "2287"]
[BlackElo "2121"]
[WhiteFideId "13708694"]
[BlackFideId "14605511"]
[EventDate "2016.09.22"]

1. e4 e5 2. Nf3 Nc6 3. Bb5 a6 4. Ba4 Nf6 5. O-O b5 6. Bb3 Bb7 7. Re1 Bc5 8. c3
d6 9. d4 Bb6 10. Be3 O-O 11. Nbd2 Qe7 12. d5 Na5 13. Bxb6 cxb6 14. Nf1 Bc8 15.
h3 Nh5 16. Bc2 Nf4 17. Ng3 Qf6 18. b3 Bd7 19. Bd3 Rfc8 20. Rc1 b4 21. Bf1 bxc3
22. Re3 b5 23. Rexc3 Qd8 24. Ne2 Nxe2+ 25. Bxe2 Qb6 26. Ne1 Rxc3 27. Rxc3 b4 28.
Rc2 Nb7 29. Qd2 a5 30. Nd3 Bb5 31. Nb2 Nc5 32. Bxb5 Qxb5 33. Qe3 a4 34. Nc4 axb3
35. axb3 Nb7 36. f4 exf4 37. Qxf4 h6 38. Rf2 Qd7 39. Ne3 Ra1+ 40. Kh2 Nc5 41.
Nf5 f6 42. Rf3 Ra7 43. Rg3 Qe8 44. Qxh6 Qe5 45. Qe3 Rc7 46. Qd4 Qxd4 47. Nxd4
Nxe4 48. Rg4 Nc3 49. Nc6 Nxd5 50. Nxb4 Nxb4 1/2-1/2

[Event "World Youth Girl U18 2016"]
[Site "Khanty-Mansiysk RUS"]
[Date "2016.09.23"]
[Round "2.4"]
[White "Heinemann, Josefine"]
[Black "Shivacheva, Donika"]
[Result "1-0"]
[WhiteTitle "WIM"]
[WhiteElo "2242"]
[BlackElo "2063"]
[WhiteFideId "12900460"]
[BlackFideId "2900840"]
[EventDate "2016.09.22"]

1. e4 e5 2. Nf3 Nc6 3. Bb5 a6 4. Ba4 Nge7 5. Nc3 g6 6. d4 exd4 7. Nd5 Bg7 8. Bg5
h6 9. Bf6 Bxf6 10. Nxf6+ Kf8 11. O-O Kg7 12. Nd5 d6 13. Nxd4 b5 14. Bb3 Bb7 15.
f4 Na5 16. f5 Nxd5 17. Bxd5 Bxd5 18. exd5 Nc4 19. fxg6 Kxg6 20. Qf3 Ne5 21. Qf5+
Kg7 22. Rae1 Rf8 23. Re3 Ng6 24. Rg3 Qe8 25. Qh5 Rh8 26. Nf5+ Kf8 27. Nxd6 cxd6
28. Qxg6 1-0

[Event "World Youth Girl U18 2016"]
[Site "Khanty-Mansiysk RUS"]
[Date "2016.09.23"]
[Round "2.5"]
[White "Ghukasyan, Siranush"]
[Black "Uuriintuya, Uurtsaikh"]
[Result "1-0"]
[BlackTitle "WIM"]
[WhiteElo "2106"]
[BlackElo "2228"]
[WhiteFideId "13300946"]
[BlackFideId "4900227"]
[EventDate "2016.09.22"]

1. e4 c5 2. Nf3 Nc6 3. Bb5 d6 4. O-O Bd7 5. Re1 a6 6. Bf1 Bg4 7. c3 Nf6 8. h3
Bh5 9. g4 Bg6 10. d4 cxd4 11. cxd4 d5 12. exd5 Nxd5 13. Nc3 e6 14. Nxd5 Qxd5 15.
Bg2 Rd8 16. Bg5 Be7 17. Ne5 Qxd4 18. Bxc6+ bxc6 19. Qxd4 Rxd4 20. Bxe7 Re4 21.
Bc5 Rf4 22. Rad1 Bc2 23. Rd2 Re4 24. Rxe4 Bxe4 25. Rd7 f6 26. Re7+ 1-0

[Event "World Youth Girl U18 2016"]
[Site "Khanty-Mansiysk RUS"]
[Date "2016.09.23"]
[Round "2.6"]
[White "Mahalakshmi, M"]
[Black "Lahav, Michal"]
[Result "1/2-1/2"]
[WhiteTitle "WIM"]
[WhiteElo "2221"]
[BlackElo "2054"]
[WhiteFideId "5001080"]
[BlackFideId "2813742"]
[EventDate "2016.09.22"]

1. Nf3 Nf6 2. g3 g6 3. b3 Bg7 4. Bb2 d5 5. c4 Nc6 6. cxd5 Qxd5 7. Bg2 Qh5 8. h3
O-O 9. g4 Qc5 10. d4 Qd6 11. Nc3 Rd8 12. O-O h5 13. g5 Nh7 14. e3 Bf5 15. e4
Bxh3 16. Bxh3 Nxd4 17. Bg2 Nxf3+ 18. Qxf3 Qd2 19. Rab1 Rd3 20. Rfd1 Rxf3 21.
Rxd2 Bxc3 22. Rd5 Bxb2 23. Bxf3 e6 24. Rc5 Bd4 25. Rxc7 Nxg5 26. Bg2 e5 27. Rbc1
b6 28. b4 a5 29. Rc8+ Rxc8 30. Rxc8+ Kg7 31. bxa5 bxa5 32. Ra8 Bc3 33. Kf1 Ne6
34. Bh3 Ng5 35. Bg2 Ne6 36. Bh3 Ng5 37. Bg2 1/2-1/2

[Event "World Youth Girl U18 2016"]
[Site "Khanty-Mansiysk RUS"]
[Date "2016.09.23"]
[Round "2.7"]
[White "Hu, Yu A."]
[Black "Gazikova, Veronika"]
[Result "0-1"]
[BlackTitle "WFM"]
[WhiteElo "2049"]
[BlackElo "2213"]
[WhiteFideId "8609993"]
[BlackFideId "14919311"]
[EventDate "2016.09.22"]

1. e4 e5 2. Nf3 Nc6 3. Bb5 g6 4. O-O Bg7 5. c3 Nge7 6. d4 exd4 7. cxd4 d5 8.
exd5 Nxd5 9. Re1+ Be6 10. Ng5 O-O 11. Bxc6 bxc6 12. Nxe6 fxe6 13. Rxe6 Qh4 14.
g3 Qxd4 15. Qe2 Qc5 16. Nd2 Rxf2 17. Nb3 Rxe2+ 18. Nxc5 Bd4+ 19. Kh1 Rf2 20. Nd3
Rf1+ 21. Kg2 Raf8 22. Re4 c5 23. Nf4 Rg1+ 24. Kh3 Nxf4+ 0-1

[Event "World Youth Girl U18 2016"]
[Site "Khanty-Mansiysk RUS"]
[Date "2016.09.23"]
[Round "2.8"]
[White "Abdusattorova, Bakhora"]
[Black "Mamontova, Anastasia"]
[Result "1-0"]
[WhiteTitle "WFM"]
[BlackTitle "WFM"]
[WhiteElo "2177"]
[BlackElo "2021"]
[WhiteFideId "14204126"]
[BlackFideId "34100234"]
[EventDate "2016.09.22"]

1. d4 Nf6 2. Bf4 e6 3. e3 b6 4. Nf3 Be7 5. Bd3 Bb7 6. h3 c5 7. c3 Nc6 8. O-O d5
9. Bh2 Ne4 10. Nfd2 Nd6 11. dxc5 bxc5 12. e4 d4 13. cxd4 cxd4 14. Na3 O-O 15.
Nc2 e5 16. b4 a6 17. a4 f6 18. Nb3 Nf7 19. Qd2 Nxb4 20. Nxb4 Qb6 21. Nc2 Nd6 22.
Rfb1 Nxe4 23. Bxe4 Bxe4 24. Nbxd4 Qc5 25. Re1 Qd5 26. Qe2 Bxg2 27. Nf5 Bd8 28.
Nfe3 Qf3 29. Nxg2 Qxh3 30. Ra3 Qe6 31. Nce3 Rc8 32. Qa2 Re8 33. Qxe6+ Rxe6 34.
Nf5 Bb6 35. Nf4 Ree8 36. Nd6 Rc2 37. Nh3 Rd8 38. Ne4 Kf7 39. Rb3 Ba5 40. Reb1
Rd4 41. Re3 Rxa4 42. Rb7+ Kg6 43. Rg3+ Kf5 44. Nd6+ Ke6 45. Ne8 g5 46. Rd3 Kf5
47. Rf3+ Kg4 48. Kg2 Kh5 49. Rxh7+ Kg6 50. Rg7+ 1-0

[Event "World Youth Girl U18 2016"]
[Site "Khanty-Mansiysk RUS"]
[Date "2016.09.23"]
[Round "2.9"]
[White "Santeramo, Alessia"]
[Black "Kanakova, Natalie"]
[Result "1/2-1/2"]
[WhiteTitle "WFM"]
[WhiteElo "2001"]
[BlackElo "2175"]
[WhiteFideId "850810"]
[BlackFideId "350486"]
[EventDate "2016.09.22"]

1. e4 c5 2. Nf3 e6 3. g3 Nc6 4. Bg2 d5 5. exd5 exd5 6. O-O Nf6 7. d4 cxd4 8.
Nxd4 Qb6 9. Nb3 Bg4 10. Qe1+ Be7 11. Be3 Qd8 12. Na3 O-O 13. Nb5 Re8 14. h3 Bf5
15. N5d4 Be4 16. Nxc6 bxc6 17. Qa5 Qc8 18. Rac1 Bd6 19. Bc5 Bc7 20. Qa4 Bxg2 21.
Kxg2 Be5 22. Bd4 Ne4 23. c4 Ng5 24. g4 h5 25. Bxe5 Rxe5 26. cxd5 hxg4 27. Qxg4
Qd8 28. Rfd1 Rxd5 29. Nd4 Qb6 30. Nxc6 Rxd1 31. Ne7+ Kf8 32. Rxd1 Ne6 33. Ng6+
Kg8 34. Ne7+ Kf8 35. Ng6+ Kg8 36. Ne7+ 1/2-1/2

[Event "World Youth Girl U18 2016"]
[Site "Khanty-Mansiysk RUS"]
[Date "2016.09.23"]
[Round "2.10"]
[White "Balajayeva, Khanim"]
[Black "Lingur, Zalina"]
[Result "1/2-1/2"]
[WhiteTitle "WFM"]
[BlackTitle "WFM"]
[WhiteElo "2147"]
[BlackElo "1986"]
[WhiteFideId "13406396"]
[BlackFideId "34165670"]
[EventDate "2016.09.22"]

1. e4 c5 2. c3 Nf6 3. e5 Nd5 4. d4 cxd4 5. Nf3 Nc6 6. cxd4 d6 7. Bc4 Nb6 8. Bb5
dxe5 9. Nxe5 Bd7 10. Nxd7 Qxd7 11. Nc3 e6 12. O-O Rd8 13. Be3 Be7 14. Qg4 O-O
15. Rad1 f5 16. Qg3 a6 17. Bxc6 Qxc6 18. Rfe1 Nc4 19. Bc1 Bf6 20. Ne2 Rfe8 21.
Qc3 Nd6 22. Qxc6 bxc6 23. Nf4 Kf7 24. Nh5 Be7 25. Nf4 Bf6 26. Nh5 Be7 27. Nf4
Bf6 1/2-1/2

[Event "World Youth Girl U18 2016"]
[Site "Khanty-Mansiysk RUS"]
[Date "2016.09.23"]
[Round "2.11"]
[White "Auvray, Honorine"]
[Black "Khomeriki, Nino"]
[Result "0-1"]
[WhiteTitle "WFM"]
[BlackTitle "WIM"]
[WhiteElo "1961"]
[BlackElo "2357"]
[WhiteFideId "600512"]
[BlackFideId "13603191"]
[EventDate "2016.09.22"]

1. d4 d5 2. Bf4 Nf6 3. e3 c5 4. c3 Nc6 5. Nd2 cxd4 6. exd4 Bf5 7. Ngf3 e6 8. Be2
h6 9. Ne5 Bd6 10. O-O O-O 11. Re1 Qc7 12. Bf1 Ne4 13. f3 Nxc3 14. bxc3 f6 15.
Qe2 fxe5 16. Bxe5 Nxe5 17. dxe5 Ba3 18. Nb1 Qb6+ 19. Kh1 Bb2 20. Nd2 Bxa1 21.
Rxa1 Qb2 22. Nb3 Qxc3 23. Rc1 Qb4 0-1

[Event "World Youth Girl U18 2016"]
[Site "Khanty-Mansiysk RUS"]
[Date "2016.09.23"]
[Round "2.12"]
[White "Meskenaite, Rugile"]
[Black "Wozniak, Mariola"]
[Result "0-1"]
[BlackTitle "WIM"]
[WhiteElo "1709"]
[BlackElo "2246"]
[WhiteFideId "12806587"]
[BlackFideId "1152050"]
[EventDate "2016.09.22"]

1. e4 c5 2. Nf3 e6 3. g3 Nc6 4. Bg2 Nf6 5. Qe2 d5 6. exd5 Nxd5 7. O-O Be7 8. Nc3
O-O 9. Re1 Re8 10. a3 b6 11. Ne5 Nd4 12. Qd3 Bb7 13. Ne2 f6 14. Nxd4 cxd4 15.
Nf3 e5 16. Qb3 Kh8 17. d3 Rc8 18. Nh4 Qd7 19. Bd2 Red8 20. Rad1 g5 21. Nf3 Bc6
22. Bc1 Ba4 23. Qa2 Rxc2 24. Nxd4 Nc3 25. Qe6 Qxe6 26. Nxe6 Nxd1 27. Nxd8 Rxc1 0-1

[Event "World Youth Girl U18 2016"]
[Site "Khanty-Mansiysk RUS"]
[Date "2016.09.23"]
[Round "2.13"]
[White "Yakimenko, Viktoria"]
[Black "Oljobai Kyzy, Alisa"]
[Result "0-1"]
[WhiteElo "2160"]
[BlackElo "1672"]
[WhiteFideId "24174998"]
[BlackFideId "13801953"]
[EventDate "2016.09.22"]

1. e4 e5 2. Nc3 Nf6 3. g3 d5 4. exd5 Nxd5 5. Bg2 Nxc3 6. bxc3 Bc5 7. Nf3 e4 8.
Qe2 O-O 9. Ne5 Qf6 10. Bxe4 Bxf2+ 11. Qxf2 Qxe5 12. O-O Qxe4 13. Ba3 Be6 14.
Rae1 Qc6 15. Bxf8 Kxf8 16. Qe2 Kg8 17. c4 Qc5+ 18. Rf2 Nd7 19. d3 Nf6 20. Kh1 b5
21. Rf4 bxc4 22. d4 Qd5+ 23. Kg1 Bd7 24. Qf3 Bc6 25. Qxd5 Bxd5 26. Re7 Rc8 27.
Re5 c6 28. Re7 Ra8 29. c3 Kf8 30. Re1 Re8 31. Rxe8+ Kxe8 32. Rf2 Kd7 33. Rb2 Ne4
34. Rc2 Ke6 35. Kf1 Kf5 36. a4 a5 37. Ke2 Kg4 38. Ke3 h5 39. Rc1 g5 40. Rc2 h4
41. gxh4 Kxh4 42. Ke2 f5 43. Kf1 f4 44. Kg1 g4 45. Kf1 g3 46. Kg1 f3 47. Kf1 g2+
48. Kg1 Kh3 49. Rxg2 f2+ 50. Rxf2 Nxf2 51. Kxf2 Kxh2 52. Ke3 Kg3 53. Ke2 Kf4 54.
Kd2 Kf3 55. Kd1 Ke3 56. Kc2 Be4+ 57. Kc1 Kd3 58. Kb2 Kd2 59. d5 cxd5 0-1

[Event "World Youth Girl U18 2016"]
[Site "Khanty-Mansiysk RUS"]
[Date "2016.09.23"]
[Round "2.14"]
[White "Wu, Min"]
[Black "Marjina, Arina"]
[Result "0-1"]
[BlackTitle "WFM"]
[WhiteElo "1996"]
[BlackElo "2076"]
[WhiteFideId "1631969"]
[BlackFideId "34100242"]
[EventDate "2016.09.22"]

1. e4 c5 2. Nf3 d6 3. d4 cxd4 4. Nxd4 Nf6 5. Nc3 a6 6. h3 e6 7. g4 b5 8. Bg2 Bb7
9. O-O h6 10. Re1 e5 11. Nf5 g6 12. Ne3 Nbd7 13. Ned5 Nxd5 14. Nxd5 Nb6 15. Nxb6
Qxb6 16. Be3 Qc7 17. Qd2 h5 18. g5 Be7 19. Rad1 O-O 20. f4 Rac8 21. c3 exf4 22.
Bxf4 Qc5+ 23. Kh1 Rcd8 24. Qe3 Rfe8 25. Qg3 Bf8 26. Rd4 Re6 27. Kh2 Rde8 28. h4
a5 29. Qd3 Rd8 30. Bh3 Ree8 31. Qg3 b4 32. Qd3 bxc3 33. bxc3 Bg7 34. Bg2 Bxd4
35. cxd4 Qc8 36. Bh3 Qa8 37. Bg2 d5 38. e5 Ba6 39. Qf3 Bc4 40. a3 Qa7 41. Qf2
Rc8 42. Bh3 Rc6 43. e6 fxe6 44. Be5 Qf7 45. Bf6 Bd3 46. Kg1 Bf5 47. Bf1 Rc2 48.
Re2 Rec8 49. Qe1 R2c3 50. Rb2 Qc7 51. Be5 Rc1 52. Qd2 Qc4 53. Qg2 Bd3 54. Rf2
Bxf1 55. Rxf1 Rxf1+ 56. Qxf1 Qxf1+ 57. Kxf1 Rc3 0-1

[Event "World Youth Girl U18 2016"]
[Site "Khanty-Mansiysk RUS"]
[Date "2016.09.23"]
[Round "2.15"]
[White "Trippold, Denise"]
[Black "Methmani, Nelunika"]
[Result "1-0"]
[WhiteTitle "WFM"]
[BlackTitle "WIM"]
[WhiteElo "2068"]
[BlackElo "1612"]
[WhiteFideId "1625594"]
[BlackFideId "9910050"]
[EventDate "2016.09.22"]

1. d4 Nf6 2. c4 e6 3. g3 d5 4. Bg2 dxc4 5. Qa4+ c6 6. Qxc4 Bd6 7. Nf3 O-O 8. O-O
Nbd7 9. Nc3 Qc7 10. b3 b5 11. Qd3 Bb7 12. Bb2 a6 13. Rac1 Rfd8 14. Rfd1 Rac8 15.
e4 e5 16. Qe2 Qb6 17. Bh3 Ra8 18. Rc2 c5 19. dxc5 Nxc5 20. Nd5 Nxd5 21. exd5 f6
22. Bc1 Bc8 23. Bxc8 Raxc8 24. Nh4 g6 25. Qg4 Kh8 26. b4 f5 27. Qh3 Ne4 28. Be3
Qb7 29. Rxc8 Qxc8 30. Nxg6+ Kg8 31. Nh4 f4 32. Qxc8 Rxc8 33. Bc5 fxg3 34. hxg3
Bxc5 35. bxc5 Nxc5 36. Rc1 Kf8 37. Nf3 Ke7 38. Nxe5 Kd6 39. Nc6 Nd7 40. Re1 Nc5
41. Kg2 Rc7 42. Re5 Nd3 43. Rh5 Rg7 44. Rf5 Rg4 45. f4 h5 46. Kf3 Ne1+ 47. Ke4
Rxg3 48. Rxh5 Ra3 49. Rh6+ Kd7 50. Ne5+ Kd8 51. d6 1-0

[Event "World Youth Girl U18 2016"]
[Site "Khanty-Mansiysk RUS"]
[Date "2016.09.23"]
[Round "2.16"]
[White "Fiadosenka, Rahneda"]
[Black "Albekova, Dilyara"]
[Result "1-0"]
[WhiteElo "2059"]
[BlackElo "1784"]
[WhiteFideId "13503740"]
[BlackFideId "13705628"]
[EventDate "2016.09.22"]

1. e4 d5 2. exd5 Qxd5 3. Nc3 Qd6 4. d4 Nf6 5. Nf3 g6 6. g3 c6 7. Bg2 Bg7 8. O-O
O-O 9. Bf4 Qb4 10. Qd2 Bf5 11. a3 Qb6 12. Rfe1 Re8 13. Nh4 Be6 14. Na4 Qd8 15.
Rxe6 fxe6 16. Nc5 Qb6 17. Nxe6 Nbd7 18. Bh6 Bh8 19. Qd3 Qb5 20. c4 Qh5 21. Bg5
Nf8 22. Bf3 Ng4 23. Qe4 Nxe6 24. Qxe6+ Kf8 25. Be3 g5 26. Bxg4 Qf7 27. Qxf7+
Kxf7 28. Bh5+ Kf8 29. Bxe8 Rxe8 30. Nf5 c5 31. Rd1 Rd8 32. Bxg5 1-0

[Event "World Youth Girl U18 2016"]
[Site "Khanty-Mansiysk RUS"]
[Date "2016.09.23"]
[Round "2.17"]
[White "Unuk, Laura"]
[Black "Toshali, V"]
[Result "1-0"]
[WhiteTitle "WIM"]
[WhiteElo "2332"]
[BlackElo "1766"]
[WhiteFideId "14609215"]
[BlackFideId "5072611"]
[EventDate "2016.09.22"]

1. d4 Nf6 2. Nf3 g6 3. c4 Bg7 4. g3 O-O 5. Bg2 c6 6. O-O d5 7. Qb3 dxc4 8. Qxc4
Ne4 9. Nc3 Nd6 10. Qd3 Be6 11. Rd1 Nd7 12. e4 Nb6 13. b3 h6 14. Be3 Kh7 15. Rac1
f5 16. Nh4 Qd7 17. d5 cxd5 18. exd5 Bf7 19. Bd4 Bxd4 20. Qxd4 Rac8 21. Nf3 Nb5
22. Nxb5 Qxb5 23. Rxc8 Rxc8 24. Qh4 Kg7 25. Qxe7 Qd7 26. Qe5+ Kh7 27. h4 Qe8 28.
h5 Rd8 29. d6 Nc8 30. Qf6 Qg8 31. Ne5 Rf8 32. d7 Nb6 33. d8=Q Rxd8 34. Rxd8 Qxd8
35. Qxf7+ Kh8 36. Qxg6 1-0

[Event "World Youth Girl U18 2016"]
[Site "Khanty-Mansiysk RUS"]
[Date "2016.09.23"]
[Round "2.18"]
[White "Alijanzadeh, Mohadeseh"]
[Black "Krasnokutskaya, Sofiya"]
[Result "0-1"]
[WhiteElo "1824"]
[BlackElo "2086"]
[WhiteFideId "12508632"]
[BlackFideId "14150735"]
[EventDate "2016.09.22"]

1. e4 c5 2. Nf3 e6 3. c3 Nf6 4. e5 Nd5 5. d4 cxd4 6. cxd4 d6 7. Nc3 Nxc3 8. bxc3
Nc6 9. Bd3 dxe5 10. Nxe5 Nxe5 11. dxe5 Qa5 12. O-O Be7 13. Re1 O-O 14. Qf3 Bd7
15. Bxh7+ Kxh7 16. Qd3+ Kg8 17. Qxd7 Qxc3 18. Bd2 Qa3 19. Qxb7 Rad8 20. Be3 Bb4
21. Rec1 a5 22. Qf3 Rd5 23. Qg3 Rfd8 24. h3 Rd3 25. Rc7 Qb2 26. Rf1 Rf8 27. a4
Bc3 28. Qg4 Bxe5 29. Ra7 Rd5 30. Qc4 Rfd8 31. g3 Qb8 32. Ra6 Bxg3 33. Qg4 Bh2+
34. Kh1 Be5 35. Rb6 Qa8 36. Kg1 Bd4 37. Rb3 Bf6 38. h4 Rb8 39. Rxb8+ Qxb8 40.
Rc1 Qe5 41. Rc8+ Kh7 42. Rf8 Qh5 43. Qxh5+ Rxh5 44. Rxf7 Rxh4 45. f4 e5 46. fxe5
Bxe5 47. Rf5 Re4 48. Bd2 Kg6 49. Rf8 Rxa4 50. Ra8 Ra1+ 51. Kf2 a4 52. Bb4 Kf5
53. Ra5 Ra2+ 54. Kf3 Ke6 55. Ke4 Bf6 56. Ra6+ Kf7 57. Kd5 Bb2 58. Ke4 Ra1 59.
Kf5 Rf1+ 60. Ke4 Ra1 61. Kf5 g6+ 62. Ke4 a3 63. Kd5 a2 64. Ke4 g5 65. Ra5 g4 66.
Bd2 g3 67. Ra7+ Kg6 68. Ra6+ Kh7 69. Ra7+ Kg6 70. Ra6+ Kf7 71. Ra7+ Ke6 72. Be3
g2 73. Ra6+ Kd7 74. Ra7+ Kc8 75. Ra8+ Kb7 76. Ra5 Re1 77. Ra7+ Kc6 78. Rxa2
Rxe3+ 0-1

[Event "World Youth Girl U18 2016"]
[Site "Khanty-Mansiysk RUS"]
[Date "2016.09.23"]
[Round "2.19"]
[White "Yakimenko, Anastasia"]
[Black "Liscinska, Jana"]
[Result "1-0"]
[WhiteElo "1983"]
[BlackElo "1712"]
[WhiteFideId "24174980"]
[BlackFideId "14928612"]
[EventDate "2016.09.22"]

1. Nf3 Nf6 2. g3 g6 3. Bg2 Bg7 4. O-O O-O 5. d3 d6 6. Nbd2 Nbd7 7. a4 a5 8. Nb3
Ne8 9. d4 e5 10. Bg5 f6 11. Bd2 e4 12. Ne1 f5 13. Bxa5 b6 14. Bb4 Nef6 15. c4
Re8 16. Nc2 d5 17. c5 Ba6 18. cxb6 cxb6 19. Bd6 Nf8 20. Be5 Qd7 21. Nb4 Bc4 22.
Nd2 Rec8 23. f3 Qe7 24. Nxc4 Rxc4 25. Nc2 Rcxa4 26. Rxa4 Rxa4 27. fxe4 dxe4 28.
Ne3 Qb4 29. b3 Ra3 30. Nc2 Qxb3 31. Nxa3 Qxa3 32. Qc1 Qa2 33. e3 h5 34. Bxf6
Bxf6 35. Bxe4 Bg5 36. Bd3 Kh7 37. Re1 Ne6 38. Bc4 Qa5 39. Bxe6 h4 40. Kf2 1-0

[Event "World Youth Girl U18 2016"]
[Site "Khanty-Mansiysk RUS"]
[Date "2016.09.23"]
[Round "2.20"]
[White "Sit, Victoria"]
[Black "Nguyen, Thanh Thuy Tien"]
[Result "0-1"]
[BlackTitle "WIM"]
[WhiteElo "1768"]
[BlackElo "1978"]
[WhiteFideId "425524"]
[BlackFideId "12400998"]
[EventDate "2016.09.22"]

1. d4 Nf6 2. Nf3 g6 3. g3 Bg7 4. Bg2 O-O 5. O-O d5 6. c4 dxc4 7. Na3 c3 8. bxc3
c5 9. e3 Qa5 10. Bb2 Nc6 11. Nc4 Qb5 12. Qb3 Qxb3 13. axb3 Be6 14. Na5 Nxa5 15.
Rxa5 Bxb3 16. Nd2 Bd5 17. e4 b6 18. Ra3 Bc6 19. Rfa1 a5 20. d5 Bb7 21. Nc4 Nd7
22. f4 Ba6 23. Ne3 Ra7 24. e5 c4 25. Bc1 f6 26. e6 Nc5 27. Rb1 Nb3 28. Nc2 f5
29. Be3 Rb8 30. Na1 Bxc3 31. Nxb3 cxb3 32. Rbxb3 Bb4 33. Ra1 Bc4 34. Rbb1 Rc7
35. Bd4 Bc5 36. Bxc5 Rxc5 37. Rd1 Bb3 38. Rd3 a4 39. d6 exd6 40. Rxd6 b5 41. e7
Re8 42. Re1 Kf7 43. Rd7 Be6 44. Rb7 Rxe7 45. Rb6 a3 46. Bf1 Bc4 47. Rxe7+ Kxe7
48. Bxc4 Rxc4 49. Rxb5 Rc1+ 50. Kf2 a2 51. Rb7+ Kd6 0-1

[Event "World Youth Girl U18 2016"]
[Site "Khanty-Mansiysk RUS"]
[Date "2016.09.23"]
[Round "2.21"]
[White "Yolal, Sena Gokcen"]
[Black "Suchomelova, Simona"]
[Result "1/2-1/2"]
[WhiteElo "1737"]
[BlackElo "1958"]
[WhiteFideId "6337031"]
[BlackFideId "348864"]
[EventDate "2016.09.22"]

1. e4 e6 2. d4 d5 3. Nc3 Nf6 4. e5 Nfd7 5. f4 c5 6. Nf3 Nc6 7. Be3 a6 8. Qd2 b5
9. g3 Be7 10. Bg2 O-O 11. f5 cxd4 12. Bxd4 Nxd4 13. Qxd4 Bc5 14. Qd3 Qc7 15.
O-O-O Nxe5 16. Nxe5 Qxe5 17. fxe6 Bxe6 18. Rhe1 Qg5+ 19. Kb1 Rad8 20. h4 Qf6 21.
Nxd5 Bxd5 22. Bxd5 Rd7 23. Qb3 Rfd8 24. Bf3 Rxd1+ 1/2-1/2

[Event "World Youth Girl U18 2016"]
[Site "Khanty-Mansiysk RUS"]
[Date "2016.09.23"]
[Round "2.22"]
[White "Xiang, Evan"]
[Black "Uktamova, Marjona"]
[Result "0-1"]
[WhiteTitle "WFM"]
[WhiteElo "1948"]
[BlackElo "1542"]
[WhiteFideId "2005816"]
[BlackFideId "14209128"]
[EventDate "2016.09.22"]

1. d4 d5 2. Bf4 e6 3. Nf3 Bd6 4. Bg3 Nf6 5. e3 O-O 6. Nbd2 b6 7. Bd3 Bb7 8. c3
c5 9. Qb1 h6 10. e4 Bxg3 11. hxg3 dxe4 12. Nxe4 cxd4 13. Nxd4 Nc6 14. Nxc6 Bxc6
15. O-O Qe7 16. a4 Ng4 17. Be2 Ne5 18. f4 f5 19. Nf2 Nd7 20. Bc4 Rf6 21. b4 Kh8
22. Re1 Re8 23. Qd3 Nf8 24. Qe3 Ng6 25. Nd3 Be4 26. Bb5 Rd8 27. Nf2 Bb7 28. Rad1
Kh7 29. Bc4 Qc7 30. Rxd8 Qxd8 31. Rd1 Qe8 32. Bb5 Bc6 33. Bxc6 Qxc6 34. b5 Qc7
35. Re1 e5 36. fxe5 Re6 37. Qf3 Rxe5 38. Rf1 Qc5 39. Kh2 Re3 40. Qh5 Rxc3 41.
Nd1 Rd3 42. Qe2 Rd4 43. Nb2 Re4 44. Qh5 Ne7 45. Nd3 Qc4 46. Rf3 g6 47. Qh3 Qxa4
48. Rf4 Rxf4 49. gxf4 Qe4 50. Kg1 Nd5 51. Qf3 Qxf3 52. gxf3 Nc3 53. Nb4 Nxb5 54.
Na6 Kg7 55. Kf2 Kf6 56. Nb4 Nc7 57. Nc6 a5 58. Nb8 Ke6 59. Nc6 a4 60. Nb4 b5 61.
Nd3 Nd5 62. Ke2 a3 63. Nc5+ Kd6 64. Nb3 Nxf4+ 0-1